000 00611nam a2200217Ia 4500
008 160803s9999 xx 000 0 und d
020 _a0 545342651
100 _aWard, Jennifer
245 _aThere was a coyote who swallowed a flea /
245 _cby Jennifer Ward ; illustrated by Steve Gray.
260 _aNew York :
260 _bScholastic Inc.
260 _c2007
300 _a1 volume (unpaged) :
300 _bcolor illustrations ;
300 _c21 x 24 cm
650 _aFolk songs, English -- England -- Texts.
650 _aFolk songs.
650 _aNonsense verses.
700 _a530
999 _c299063
_d299063